Statistics for 10 Most Populated Countries and Capitals in Europe

Click here to take the quiz!

General Stats

  • This quiz has been taken 259 times
  • The average score is 18 of 20

Answer Stats

Population Answer % Correct
146 millionRussia
100%
82 millionGermany
100%
65 millionUnited Kingdom
100%
66 millionFrance
99%
60 millionItaly
99%
3 millionRome
99%
11 millionParis
99%
14 millionLondon
99%
17 millionMoscow
98%
46 millionSpain
98%
6 millionMadrid
96%
4 millionBerlin
96%
38 millionPoland
95%
42 millionUkraine
94%
3 millionKiev
85%
17 millionNetherlands
84%
19 millionRomania
79%
3 millionAthens
79%
2 millionLisbon
69%
2 millionBudapest
67%

Score Distribution

Percentile by Number Answered

Percent of People with Each Score

Your Score History

You have not taken this quiz